Forests and tribes: a macro level perspective (Record no. 22184)

000 -LEADER
fixed length control field 00332pab a2200133 454500
008 - FIXED-LENGTH DATA ELEMENTS--GENERAL INFORMATION
fixed length control field 180718b xxu||||| |||| 00| 0 eng d
100 ## - MAIN ENTRY--PERSONAL NAME
Personal name Bhandari, J.S.
245 ## - TITLE STATEMENT
Title Forests and tribes: a macro level perspective
650 ## - SUBJECT ADDED ENTRY--TOPICAL TERM
Topical term or geographic name entry element Tribes
650 ## - SUBJECT ADDED ENTRY--TOPICAL TERM
Topical term or geographic name entry element Forests
700 ## - ADDED ENTRY--PERSONAL NAME
Personal name Channa, Subhadra Mitra
773 ## - HOST ITEM ENTRY
Main entry heading Mainstream
909 ## -
-- 22184
Holdings
Withdrawn status Lost status Damaged status Not for loan Permanent Location Current Location Date acquired Serial Enumeration / chronology Barcode Date last seen Price effective from Koha item type
        Indian Institute of Public Administration Indian Institute of Public Administration 2018-07-19 Issue no: 30(49) 26 Sep.92, p.23-26 AR22253 2018-07-19 2018-07-19 Articles

Powered by Koha